Statistics for Taylor Swift 42

Click here to take the quiz!

General Stats

  • This quiz has been taken 10 times
  • The average score is 193 of 293

Answer Stats

Answer% Correct
a
100%
and
100%
for
100%
I
100%
in
100%
it
100%
me
100%
so
100%
the
100%
then
100%
to
100%
you
100%
if
86%
it's
86%
my
86%
that
86%
there
86%
was
86%
who
86%
your
86%
all
71%
are
71%
as
71%
but
71%
couldn't
71%
from
71%
get
71%
got
71%
how
71%
just
71%
love
71%
night
71%
of
71%
on
71%
one
71%
some
71%
than
71%
they
71%
were
71%
what
71%
been
57%
did
57%
didn't
57%
existed
57%
kill
57%
more
57%
thought
57%
would
57%
yeah
57%
around
43%
away
43%
Drake
43%
feelings
43%
forget
43%
forgot
43%
going
43%
gone
43%
isn't
43%
lessons
43%
lips
43%
magical
43%
many
43%
mind
43%
sunshine
43%
wrong
43%
ya
43%
blur
29%
'bout
29%
came
29%
clear
29%
days
29%
down
29%
even
29%
fought
29%
free
29%
front
29%
ground
29%
happened
29%
hard
29%
hate
29%
hit
29%
indifference
29%
laughed
29%
lived
29%
living
29%
message
29%
name
29%
nice
29%
nobody
29%
out
29%
peaceful
29%
popcorn
29%
quiet
29%
rent
29%
rep
29%
right
29%
row
29%
sent
29%
show
29%
showed
29%
something
29%
soon
29%
spend
29%
started
29%
stuck
29%
taught
29%
thinking
29%
'til
29%
tongue-tied
29%
town
29%
up
29%
whole
29%
would've
29%
school
14%
shade
14%
throwing
14%
tripped
14%
yard
14%

Score Distribution

Percentile by Number Answered

Percent of People with Each Score

Your Score History

You have not taken this quiz